| 000 | 00783pam a2200205 a 4500 | ||
|---|---|---|---|
| 020 | _a0080292437 : | ||
| 020 | _a0080292429 (soft) : | ||
| 040 | _cDLC | ||
| 082 | 0 | 0 | _a630 PER 1983 A052 Or. |
| 245 | 1 | 0 |
_aChemistry and world food supplies : _bthe new frontiers, Chemrawn II : invited papers presented at the International Conference on Chemistry and World Food Supplies, Manila, Philippines, 6-10 December 1982 / |
| 250 | _a1st ed. | ||
| 260 |
_aOxford ; _aNew York : _bPergamon Press, _c1983. |
||
| 300 |
_axvi, 664 p. : _bill. ; _c26 cm. |
||
| 650 | 0 | _aAgricultural chemistry | |
| 650 | 0 | _aFood industry and trade | |
| 700 | 1 | _aShemilt, L. W. | |
| 710 | 2 | _aInternational Union of Pure and Applied Chemistry. | |
| 710 | 2 | _aInternational Rice Research Institute. | |
| 942 | _cEK | ||
| 999 |
_c14709 _d14709 |
||